Геофизические методы в региональной структурной геологии: учебное пособие

Bibliografski detalji
Glavni autor: Андреев Б. А. Борис Александрович
Jezik:ruski
Izdano: Москва, Недра, 1965
Izdanje:2-е изд., доп.
Teme:
Format: Knjiga
KOHA link:https://koha.lib.tpu.ru/cgi-bin/koha/opac-detail.pl?biblionumber=39027

MARC

LEADER 00000nam0a2200000 4500
001 39027
005 20231101210532.0
035 |a (RuTPU)RU\TPU\book\39861 
090 |a 39027 
100 |a 20020322d1965 m y0rusy50 ca 
101 0 |a rus 
102 |a RU 
105 |a a j 001zy 
200 1 |a Геофизические методы в региональной структурной геологии  |e учебное пособие  |f Б. А. Андреев 
205 |a 2-е изд., доп. 
210 |a Москва  |c Недра  |d 1965 
215 |a 324 с.  |c ил. 
320 |a Библиогр.: с. 288-319. 
606 |a Геология структурная  |2 stltpush  |3 (RuTPU)RU\TPU\subj\6122  |9 34080 
610 1 |a геофизические исследования 
610 1 |a геофизические методы 
610 1 |a учебные пособия 
675 |a 551.243(075.8)  |v 3 
675 |a 550.83(075.8)  |v 3 
700 1 |a Андреев  |b Б. А.  |g Борис Александрович 
801 1 |a RU  |b 63413507  |c 20020322  |g PSBO 
801 2 |a RU  |b 63413507  |c 20171004  |g RCR 
900 |a Теоретические основы комплексирования геофизических ме 
942 |c BK